00391pab a2200133 454500008004000000100002200040245008500062260000900147300001300156362001100169650001500180700002800195773003400223180718b2014 xxu||||| |||| 00| 0 eng d aClement, Floriane aTranslating watershed guidelines on the ground: Exploring the implementation gap c2014 ap.53-60. a29 Mar aWatersheds aChandrappagari, Suvarna aEconomic and Political Weekly